U.S.A STATE BY FACT - Statistics

General Stats
  • This quiz has been taken 72 times
    66 since last reset
  • The average score is 22 of 50
Answer Stats
Hint Answer % Correct
Most eastern state. (Only one syllable.) Maine
74%
State that holds the grave of Elvis Presley. Tennessee
72%
State that holds tallest building in the U.S.A. Illinois
68%
State that holds the world's oldest tree. California
64%
State with most spacecraft launchings. Florida
64%
State that is the driest. Nevada
64%
State with longest coastline. Alaska
62%
State that George Washington was born in. Virginia
62%
Where the U.S.'s first inauguration was held. New York
60%
N.A.S.A is in this state. Texas
60%
State with the only active diamond mine in the U.S.A. Arkansas
56%
Holds the only royal palace in the U.S.A. Hawaii
54%
State that holds the largest underground cave in the world. Kentucky
54%
Built the first rocket to put humans on the moon. Alabama
52%
State that founded girl scouts. Georgia
52%
State with largest amount of production of maple syrup. (It's not Canada) Vermont
52%
State that holds the largest natural stone bridge. Utah
50%
State that holds the oldest log cabins in North America. Delaware
46%
State that holds Grasshopper Glaicer Montana
46%
The geographic center of North America. North Dakota
46%
The state the movie "Hard Rain" was filmed in. Indiana
44%
State that holds the most Crayfish Louisiana
44%
Creator of Huckleberry Finn lived in this state. Missouri
44%
State that the first England child was born in the U.S.A North Carolina
42%
State that holds the world's smallest park. Oregon
42%
State that created the Lunar Rover. Washington
42%
Sates that invented the typewriter. Wisconsin
42%
State that held the world's largest silver nugget. Colorado
40%
State that holds the world's first drive-in movie theater. New Jersey
40%
State that invented the first electric traffic lights. Ohio
40%
Holds most telescopes in the world. Arizona
38%
State that holds the first umbrella factory in the U.S.A. Maryland
38%
State that produces most cereal in the U.S.A. Michigan
38%
State that holds oldest rock in the world. Minnesota
38%
Coca-Cola first bottled in this state. Mississippi
38%
State that was once home to Smokey the Bear New Mexico
38%
State that published first magazine in the U.S,A. Pennsylvania
38%
State with first tea farm. South Carolina
38%
State with longest Main Street. Idaho
36%
State that first used artificial rain. New Hampshire
36%
State known for it's red chickens. Rhode Island
36%
State that holds the world's largest natural, indoor, warmwater pool. South Dakota
36%
The only roller skating museum in the world is in what state? Nebraska
34%
State that holds a 27-acre rock. Wyoming
34%
State that published first American cookbook. Connecticut
32%
State with shortest and steepest railroad. Iowa
30%
State that founded Helium in 1905. Kansas
30%
State that first parking meter was installed in. Oklahoma
30%
Sate that makes the most marbles. West Virginia
30%
State that held the first World Series in 1903. Massachusetts
0%
No matching quizzes found
Score Distribution
Percent of People with Each Score
Percentile by Number Answered
Your Score History
You have not taken this quiz since the last reset